000 00359nam a2200133Ia 4500
005 20260328104324.0
008 260328s9999||||xx |||||||||||||| ||und||
100 _aPuente, Moisés
245 0 _aConversaciones con Mies van der Rohe. Certezas Americanas /
_cMoisés Puente
260 _bGustavo Gili
300 _a96 p.
650 _aARQUITECTOS
942 _cBK
999 _c11463
_d11463